| 000 | 01612nam0a2200313 4500 | ||
|---|---|---|---|
| 001 | RU\NLR\bibl\431828 | ||
| 005 | 20260407025507.0 | ||
| 021 |
_aRU _b2003-42926 _92041 |
||
| 035 | _a(NLR Aleph) 000425673 | ||
| 090 |
_a722824 _c722824 |
||
| 100 | _a20030828d2003 |||y0rusy50 ca | ||
| 101 | 0 | _arus | |
| 102 | _aRU | ||
| 105 | _ay ||||||||| | ||
| 200 | 1 |
_aМетодическое пособие по дисциплине "Основы рационального питания" для студентов очной и заочной форм обучения специальности 060800 "Экономика и управление на предприятии (туризм и гостиничное хозяйство)" _fМайкоп. гос. технол. ин-т. Каф. экономики и упр. туризмом и гостинич. хоз-вом _g[Сост. Хапачева Л.К.] |
|
| 210 |
_aМайкоп _cИзд-во МГТИ _d2003 |
||
| 215 |
_a42,[1] с. _d20 |
||
| 320 | _aБиблиогр.: с. 42 (23 назв.) | ||
| 606 | 0 |
_aПитание рациональное _jМетодические пособия _91157806 _3RU\NLR\auth\66462912 |
|
| 686 | _aР123.0я8 | ||
| 686 | _aР351я8 | ||
| 702 | 1 |
_aХапачева _bЛ. К. _gЛариса Кимовна _4220 |
|
| 712 | 0 | 2 |
_4570 _aМайкопский государственный технологический институт _3RU\NLR\AUTH\8810011294 _9520294 |
| 801 | 0 |
_aRU _bNLR _c20030828 _gPSBO |
|
| 801 | 1 |
_aRU _bNLR _c20030828 |
|
| 942 | _cBOOK | ||
| 980 | _aNB | ||
| 980 | _aNBR | ||